000 00259nam a2200109Ia 4500
008 230306s9999 xx 000 0 und d
041 _aeng
082 _a621.38195
100 _aSuresh K. Basandra
245 _aManagement Information System
260 _bWHEELER
999 _c99219
_d99219